La indignidad en el arte sagrado
Saved in:
| Hovedforfatter: | |
|---|---|
| Format: | Bog |
| Sprog: | spansk |
| Udgivet: |
Madrid
Guadarrama
1961
|
| Serier: | Cristiano y Hombre Actual, 27
|
| Fag: | |
| Tags: |
Tilføj Tag
Ingen Tags, Vær først til at tagge denne postø!
|
MARC
| LEADER | 00000nam a2200000 a 4500 | ||
|---|---|---|---|
| 001 | UCR3163 | ||
| 003 | CL-VaPUC | ||
| 008 | 980123e19610000SP |||||||||||||||||spa|d | ||
| 082 | 0 | 4 | |a 261.57 |b PER |2 21 |
| 100 | 0 | |a Pérez Gutiérrez, Francisco |e author |9 402007 | |
| 245 | 1 | 3 | |a La indignidad en el arte sagrado |
| 300 | |a 202 p | ||
| 942 | |c BK | ||
| 945 | |d 19980123 00:00:00 |a rleighto | ||
| 260 | |a Madrid |b Guadarrama |c 1961 | ||
| 650 | 0 | |a Arte sagrado |9 402008 | |
| 650 | 0 | |a Estética |9 264950 | |
| 650 | 0 | |a Misticismo |9 265505 | |
| 650 | 0 | |a Arte religioso |9 330545 | |
| 583 | |a last modification |c 19980123 00:00:00 |k Rodrigo Vera | ||
| 490 | 0 | |a Cristiano y Hombre Actual, 27 | |
| 999 | |c 266261 |d 266259 | ||
| 952 | |0 0 |1 0 |4 0 |6 261_570000000000000_PER_1961 |7 0 |8 A |9 297679 |a BIBTEO |b BIBTEO |d 2019-11-20 |i 3386708 |o 261.57 PER 1961 |p 3386708 |r 2025-01-17 |w 2019-11-20 |y BK |k ICR | ||